000 00600nam a2200181Ia 4500
008 090124s9999 xx 000 0 und d
082 _b30243
100 _aभट रविंद्र
245 _a सत्यं शिवं सुंदरम्
250 _a0
260 _bइंद्रायणी प्रकाशन
_c1991
300 _a284
600 _aभट रविंद्र
630 _a सत्यं शिवं सुंदरम्
700 _aभट रविंद्र
730 _a सत्यं शिवं सुंदरम्
942 _cBOOK
999 _c95900
_d95900